[Event "Catalan-ch U10/20"]
[Site "Tarragona"]
[Date "2022.04.11"]
[Round "4"]
[White "Gomez Navais, Marcal"]
[Black "Prats Safont, Sergi"]
[Result "0-1"]
[WhiteElo "1909"]
[BlackElo "2040"]
[PlyCount "82"]
[EventDate "2022.04.09"]
[EventType "swiss"]
[EventRounds "9"]
[EventCountry "ESP"]
[SourceTitle "EXT 2023"]
[Source "ChessBase"]
[SourceDate "2022.10.05"]
[SourceVersion "1"]
[SourceVersionDate "2022.10.05"]
[SourceQuality "1"]

1. e4 c5 2. Nf3 e6 3. d3 Nc6 4. Nbd2 d5 5. g3 Nf6 6. Bg2 Be7 7. 0-0 0-0 8. Re1 Qc7 9. e5 Nd7 10. Qe2 b5 11. Nf1 Bb7 12. N1d2 Bc8 13. Nf1 Bb7 14. h4 Rfc8 15. Bf4 Qd8 16. N1h2 h6 17. Ng4 Bf8 18. Nxh6+ gxh6 19. Nh2 Ne7 20. Qh5 Ng6 21. Ng4 Nxf4 22. gxf4 Bg7 23. Kh2 Qf8 24. f5 exf5 25. Qxf5 Qe7 26. Bh3 Rc6 27. f4 Nf8 28. Rg1 Bc8 29. Nf6+ Kh8 30. Rxg7 Kxg7 31. Qh5 Rxf6 32. exf6+ Qxf6 33. Rg1+ Kh7 34. f5 Bb7 35. Qf3 Nd7 36. Rg3 Ne5 37. Qf4 d4 38. Bg2 Bxg2 39. Rxg2 c4 40. Re2 Re8 41. Kh3 cxd3 0-1

[Event "La Pobla de Lillet op-A 30th"]
[Site "La Pobla de Lillet"]
[Date "2021.08.04"]
[Round "3"]
[White "Gomez Navais, Marcal"]
[Black "Prieto Aranguren, Alain"]
[Result "0-1"]
[WhiteElo "1655"]
[BlackElo "2220"]
[PlyCount "84"]
[EventDate "2021.08.02"]
[EventType "swiss"]
[EventRounds "9"]
[EventCountry "ESP"]
[SourceTitle "EXT 2022"]
[Source "ChessBase"]
[SourceDate "2021.10.06"]
[SourceVersion "1"]
[SourceVersionDate "2021.10.06"]
[SourceQuality "1"]

1. e4 c6 2. d4 d5 3. f3 Qb6 4. Nc3 dxe4 5. fxe4 e5 6. Nf3 exd4 7. Qxd4 Qxd4 8. Nxd4 Bc5 9. Nb3 Bd6 10. Be3 Nf6 11. 0-0-0 Be5 12. Bd4 Nbd7 13. Be2 0-0 14. Bxe5 Nxe5 15. h3 Re8 16. Rhe1 Nfd7 17. a3 Nf8 18. Nd4 g6 19. g4 Ne6 20. Nf3 Nxf3 21. Bxf3 Ng5 22. Bg2 f6 23. b4 Nf7 24. Na4 Ne5 25. Nc5 a5 26. Rd4 axb4 27. axb4 Ra3 28. Nd3 Be6 29. Nxe5 fxe5 30. Rd3 Ra4 31. c3 Rf8 32. Bf3 Bc4 33. Rde3 Ra1+ 34. Kd2 Rd8+ 35. Kc2 Ra2+ 36. Kc1 Rdd2 37. Bd1 Rh2 38. Kb1 Rad2 39. Kc1 Kg7 40. Rf3 Ra2 41. Kb1 Rab2+ 42. Kc1 Ba2 0-1

[Event "ESP-ch U16"]
[Site "Salobrena"]
[Date "2020.08.13"]
[Round "6"]
[White "Sanchez Elena, Lucia"]
[Black "Gomez Navais, Marcal"]
[Result "1/2-1/2"]
[WhiteElo "1715"]
[BlackElo "1887"]
[PlyCount "119"]
[EventDate "2020.08.10"]
[EventType "swiss"]
[EventRounds "9"]
[EventCountry "ESP"]
[SourceTitle "EXT 2021"]
[Source "ChessBase"]
[SourceDate "2020.10.23"]
[SourceVersion "1"]
[SourceVersionDate "2020.10.23"]
[SourceQuality "1"]

1. e4 c5 2. Nf3 g6 3. d4 cxd4 4. Nxd4 Nc6 5. Nc3 Bg7 6. Be3 Nf6 7. Be2 0-0 8. f4 d6 9. Qd2 Bd7 10. 0-0-0 a6 11. Bf3 Rc8 12. Rhg1 b5 13. g4 Nxd4 14. Bxd4 b4 15. Nd5 Nxd5 16. exd5 Qc7 17. Bxg7 Kxg7 18. Qd4+ Kg8 19. Rd2 a5 20. h4 Qc4 21. Kb1 a4 22. Be2 Qc5 23. h5 Qxd4 24. Rxd4 Rb8 25. Rg3 Kg7 26. Re3 Rfe8 27. hxg6 hxg6 28. Rde4 e6 29. Bc4 exd5 30. Bxd5 Rxe4 31. Rxe4 Rh8 32. Rxb4 Bxg4 33. a3 Be6 34. Bxe6 fxe6 35. Rxa4 Kf6 36. Rd4 d5 37. c4 dxc4 38. Rxc4 g5 39. fxg5+ Kxg5 40. b4 e5 41. b5 Kf5 42. b6 Rb8 43. Rb4 Ke6 44. a4 Kd6 45. a5 Kc6 46. Kc2 Kb7 47. Rb5 e4 48. Re5 Ka6 49. Kd2 Rc8 50. Ke3 Rc4 51. Rxe4 Rc5 52. Ra4 Rc8 53. Ra1 Rd8 54. Ke4 Rd2 55. Rb1 Rd8 56. Ke5 Rh8 57. Rb2 Rh5+ 58. Kf6 Rh8 59. Kg7 Rb8 60. Kf7 1/2-1/2

[Event "Torredembarra op 21st"]
[Site "Torredembarra"]
[Date "2019.07.06"]
[Round "1"]
[White "Lacasa Diaz, Jose Antonio"]
[Black "Gomez Navais, Marcal"]
[Result "1-0"]
[WhiteElo "2391"]
[BlackElo "1768"]
[PlyCount "77"]
[EventDate "2019.07.06"]
[EventType "swiss"]
[EventRounds "9"]
[EventCountry "ESP"]
[SourceTitle "CBM 191 Extra"]
[Source "ChessBase"]
[SourceDate "2019.09.30"]
[SourceVersion "1"]
[SourceVersionDate "2019.09.30"]
[SourceQuality "1"]

1. b3 e5 2. Bb2 Nc6 3. e3 Nf6 4. c4 Be7 5. Nc3 0-0 6. a3 d6 7. Nf3 Bg4 8. Be2 d5 9. cxd5 Nxd5 10. Qc2 Nxc3 11. Bxc3 Bd6 12. b4 a6 13. h3 Be6 14. d3 f6 15. Qb2 Qe8 16. g4 b5 17. g5 fxg5 18. Nxg5 Bd7 19. Bf3 h6 20. Bd5+ Kh8 21. h4 g6 22. Ne4 Qe7 23. f4 Rae8 24. 0-0-0 a5 25. Nxd6 cxd6 26. Rdg1 Rf6 27. h5 Qg7 28. bxa5 Ne7 29. Be4 Nf5 30. a6 Nxe3 31. Bxg6 Rc8 32. fxe5 dxe5 33. Kb1 Rc5 34. Be4 Qf7 35. a7 Rc8 36. Bxe5 Bf5 37. Bxf6+ Kh7 38. Rg7+ Qxg7 39. Bxg7 1-0